00879 2200301 4500001002100000005001500021035002000036007000300056008004100059020001800100040002200118082001600140084001800156100003200174245006100206300006800267650002000335850001200355041000800367504002500375264003600400336002100436337003000457338002300487546002700510990002000537990002000557INLIS00000000086541520211014030451 a0010-1021000335ta211014s1994 xx a g 0 0 eng d a0-921333-11-0 aYOPDYOGbinderda04223a332.673 a332.673 MAN u1 aMann, Richard I.ePengarang1 aUnited States investment in Indonesia /cRichard I. Mann a252 halaman :bilustrasi, foto berwarna, tabel, grafik ;c21 cm 4aInvestasi Asing aYOPDYOG0 aeng aTermasuk bibliografi31aToronto :bGateway Books,c1994 2rdacontentateks 2rdamediaatanpa perantara 2rdacarrieravolume aTeks berbahasa Inggris a68426-PD/A.2021 a68426-PD/A.2021